Statistics for U.S. States by Wealthiest Person

Click here to take the quiz!

General Stats

  • This quiz has been taken 111 times
  • The average score is 10 of 50

Answer Stats

Hint Answer % Correct
Bill Gates - $76 BillionWashington
93%
Larry Ellison - $48 BillionCalifornia
73%
Warren Buffett - $58.2 BillionNebraska
72%
David Koch - $40 BillionNew York
47%
Jim Walton - $34.7 BillionArkansas
45%
Sheldon Adelson - $37.5 BillionNevada
38%
Alice Walton - $35 BillionTexas
34%
Charles Koch - $40 BillionKansas
34%
Phil Knight - $18.4 BillionOregon
30%
Micky Arison - $6.5 BillionFlorida
28%
Christy Walton - $36.7 BillionWyoming
27%
Anne Cox Chambers - $15.5 BillionGeorgia
23%
Abigail Johnson - $17.3 BillionMassachusetts
22%
Jon Huntsman, Sr. - $1.1 BillionUtah
22%
Leslie Wexner - $5.7 BillionOhio
20%
Hank & Doug Meijer - $8.39 BillionMichigan
19%
Ken Griffin - $5.2 BillionIllinois
19%
Robert Gillam - $700 MillionAlaska
19%
Jacqueline Mars - $21 BillionVirginia
19%
Charles Ergen - $15 BillionColorado
15%
Bruce Halle - $4.8 BillionArizona
14%
Dennis Washington - $5.8 BillionMontana
14%
Pierre Omidyar - $8.2 BillionHawaii
12%
Whitney MacMillan - $4.8 BillionMinnesota
12%
Maloof Brothers - $1 BillionNew Mexico
12%
John Menard - $7.5 BillionWisconsin
12%
David Tepper - $10 BillionNew Jersey
12%
Jack Taylor - $12.8 BillionMissouri
12%
Ray Dalio - $14.4 BillionConnecticut
12%
Marguerite Harbert - $1 BillionAlabama
12%
Dennis Albaugh - $1.5 BillionIowa
11%
Leslie Lampton - $2.4 BillionMississippi
9%
Harold Hamm - $14.6 BillionOklahoma
9%
Robert Gore - $830 MillionDelaware
8%
Jim Justice - $1.6 BillionWest Virginia
8%
Tom Benson - $1.5 BillionLouisiana
8%
Thomas Frist - $6.1 BillionTennessee
8%
Ted Lerner - $4.2 BillionMaryland
8%
Rick Cohen - $11.2 BillionNew Hampshire
8%
Mary Alice Dorrance Malone - $3.1 BillionPennsylvania
8%
John Abele - $3.3 BillionVermont
8%
Bradley Hughes - $2.2 BillionKentucky
7%
Leon Gorman - $860 MillionMaine
7%
Gayle Cook - $5.8 BillionIndiana
7%
Frank VanderSloot - $1.2 BillionIdaho
5%
Anita Zucker - $2.6 BillionSouth Carolina
5%
T. Denny Sanford - $1.3 BillionSouth Dakota
5%
James Goodnight - $7.5 BillionNorth Carolina
4%
Gary Tharaldson - $900 MillionNorth Dakota
4%
Jonathan Nelson - $1.8 BillionRhode Island
4%

Score Distribution

Percentile by Number Answered

Percent of People with Each Score

Your Score History

You have not taken this quiz